Online katalóg knižníc regiónu Turca

Moja najmilšia biblia (Record no. 22820)

MARC details
000 -LEADER
fixed length control field 01253nam a2200397 a 4500
001 - CONTROL NUMBER
control field 22820
003 - CONTROL NUMBER IDENTIFIER
control field SK-KTurca
005 - DATE AND TIME OF LATEST TRANSACTION
control field 20260428161101.0
008 - FIXED-LENGTH DATA ELEMENTS--GENERAL INFORMATION
fixed length control field 180927s1996 xo a r 0 slo
015 ## - NATIONAL BIBLIOGRAPHY NUMBER
National bibliography number SNBA1996/0701844
020 ## - INTERNATIONAL STANDARD BOOK NUMBER
International Standard Book Number 8071464031
035 ## - SYSTEM CONTROL NUMBER
System control number SNK000126380
035 ## - SYSTEM CONTROL NUMBER
System control number urn:nbn:sk:snk-am3h6nn
035 ## - SYSTEM CONTROL NUMBER
System control number urn:nbn:sk:snk-am00cn0d
035 ## - SYSTEM CONTROL NUMBER
System control number 7A8C23ED-82C9-491E-B0FE-C3175E042D75
040 ## - CATALOGING SOURCE
Original cataloging agency SNK
Language of cataloging slo
Transcribing agency SNK
Description conventions AACR2
041 0# - LANGUAGE CODE
Language code of text/sound track or separate title slo
044 ## - COUNTRY OF PUBLISHING/PRODUCING ENTITY CODE
MARC country code xo
ISO country code SK
080 ## - UNIVERSAL DECIMAL CLASSIFICATION NUMBER
Universal Decimal Classification number 860-97(087.5)
Edition identifier 1981
080 ## - UNIVERSAL DECIMAL CLASSIFICATION NUMBER
Universal Decimal Classification number 244
Edition identifier 1981
100 1# - MAIN ENTRY--PERSONAL NAME
Personal name Pascual, María,
Dates associated with a name 1933-2011
Relationship ill
245 1# - TITLE STATEMENT
Title Moja najmilšia biblia
Statement of responsibility, etc. ilustrácie Maria Pascualová ; text Nathalie Brocková ; [preložila Viera Gründlerová]
260 ## - PUBLICATION, DISTRIBUTION, ETC.
Place of publication, distribution, etc. Bratislava
Name of publisher, distributor, etc. Junior
Date of publication, distribution, etc. 1996
300 ## - PHYSICAL DESCRIPTION
Extent 162 s.
Dimensions 26 cm
500 ## - GENERAL NOTE
General note Ilustr. na tit. strane
500 ## - GENERAL NOTE
General note Údaj o prekl. prevzatý z tiráže
650 07 - SUBJECT ADDED ENTRY--TOPICAL TERM
Topical term or geographic name entry element španielska literatúra
Source of heading or term SNK
650 07 - SUBJECT ADDED ENTRY--TOPICAL TERM
Topical term or geographic name entry element biblické príbehy
Source of heading or term SNK
650 07 - SUBJECT ADDED ENTRY--TOPICAL TERM
Topical term or geographic name entry element literárne adaptácie
Source of heading or term SNK
655 #7 - INDEX TERM--GENRE/FORM
Genre/form data or focus term príručky
Source of term SNK
700 1# - ADDED ENTRY--PERSONAL NAME
Personal name Brock, Nathalie1
Relationship aut
700 1# - ADDED ENTRY--PERSONAL NAME
Personal name Gründlerová, Viera, 1938-2018
Relationship trl
911 ## - EQUIVALENCE OR CROSS-REFERENCE-CONFERENCE OR MEETING NAME [LOCAL, CANADA]
Meeting name or jurisdiction name as entry element KN 1996/07
Number [OBSOLETE] 01844
942 ## - ADDED ENTRY ELEMENTS (KOHA)
Source of classification or shelving scheme Dewey Decimal Classification
Koha item type Krásna literatúra pre deti
Suppress in OPAC No
Holdings
Stav vyradenia Strata Poškodenie Spôsob nadobudnutia Domovská knižnica Aktuálna knižnica Dátum nadobudnutia Total checkouts Čiarový kód exemplára Date last seen Typ exemplára
      Dar Obecná knižnica Horná Štubňa Obecná knižnica Horná Štubňa 28.04.2026   4736200760 28.04.2026 Krásna literatúra pre deti
Projekt je podporený Slovenskou asociáciou knižníc
Prevádzkuje Turčianska knižnica Martin 2026